|
|
|
|
| LEADER |
00000ny a22000003n 4500 |
| 005 |
2011051705525.0 |
| 007 |
cr|||| |||| |
| 008 |
950713c19uu9999sp mr s 0 b spa |
| 035 |
|
|
|a 86
|
| 040 |
|
|
|a BUS
|d vLex
|
| 090 |
|
|
|c 2010
|d 2010
|
| 245 |
0 |
0 |
|a Direccin̤ General de Registros y del Notariado
|h [Recurso electrn̤ico]
|
| 246 |
3 |
|
|a DGRN
|
| 256 |
|
|
|a Servicio en ln̕ea
|
| 260 |
|
|
|a Barcelona :
|b vLex
|
| 300 |
|
|
|a 1 recurso electrn̤ico
|
| 500 |
|
|
|a Descripcin̤: Esta base de datos contiene todas las Resoluciones de la Direccin̤ General de los Registros y del Notariado (DGRN) publicadas desde el 1-1-1999 y una seleccin̤ de las resoluciones anteriores ms̀ significativas. La base de datos se actualiza diariamente a primera hora de la maąna con las nuevas resoluciones publicadas EL MISMO DÍA en el Boletn̕ Oficial del Estado (BOE).
|
| 506 |
1 |
|
|a Contenido solo disponible en los productos indicados
|d vLex Global
|d vLex Global (Academic Edition, excluding Law Schools)
|d vLex Global (U.S. Academic Edition, Law Schools)
|d vLex Global (U.S. Academic Edition, excluding Law Schools)
|d vLex Global (Academic Edition, Law Schools)
|
| 610 |
1 |
4 |
|a Espaą
|b Direccin̤ General de Registros y del Notariado
|
| 650 |
0 |
4 |
|a Notarios
|x Derecho
|z Espaą
|x Publicaciones perid̤icas
|
| 650 |
0 |
4 |
|a Resoluciones
|
| 740 |
0 |
|
|a vLex Jurisprudencia (Servicios en ln̕ea)
|
| 843 |
|
|
|a Electrn̤ica. Abierta
|
| 853 |
|
|
|8 1
|i (year)
|j (month)
|k (day)
|
| 856 |
4 |
0 |
|z Acceso restringido
|u http://vlex.com/source/dgrn-86
|
| 942 |
|
|
|c TR
|
| 999 |
0 |
|
|a Jurisprudence
|b Spain
|